Hospodárska politika Európskej únie
Enregistré dans:
| Auteur principal: | |
|---|---|
| Collectivité auteur: | |
| Autres auteurs: | , |
| Format: | Livre |
| Langue: | slovaque |
| Publié: |
Bratislava
Vydavateľstvo EKONÓM
2012
|
| Édition: | 1. vyd. |
| Sujets: | |
| Tags: |
Pas de tags, Soyez le premier à ajouter un tag!
|
MARC
| LEADER | 00000nam a2200000 4500 | ||
|---|---|---|---|
| 001 | 0158432 | ||
| 005 | 20240502072747.4 | ||
| 020 | |a 978-80-225-3451-2 | ||
| 041 | 0 | |a slo | |
| 044 | |a SK | ||
| 245 | 1 | 0 | |a Hospodárska politika Európskej únie |c Jarmila Vidová |
| 250 | |a 1. vyd. | ||
| 264 | 1 | |a Bratislava |b Vydavateľstvo EKONÓM |c 2012 | |
| 300 | |a 147 s. [8,155 AH] | ||
| 610 | 2 | 0 | |a politika hospodárska medzinárodná |
| 610 | 2 | 0 | |a integrácia ekonomická medzinárodná |
| 610 | 2 | 0 | |a ochrana súťaže hospodárskej |
| 610 | 2 | 0 | |a politika dopravná |
| 610 | 2 | 0 | |a politika poľnohospodárska |
| 610 | 2 | 0 | |a rybolov |
| 610 | 2 | 0 | |a politika štruktúrna |
| 610 | 2 | 0 | |a politika rozpočtová |
| 610 | 2 | 0 | |a politika zahraničná |
| 610 | 2 | 0 | |a politika bezpečnostná |
| 610 | 2 | 0 | |a politika priemyselná |
| 610 | 2 | 0 | |a politika sociálna |
| 100 | 1 | |a Vidová, Jarmila, 1967- | |
| 700 | 1 | |a Laluha, Ivan | |
| 700 | 1 | |a Dudová, Iveta | |
| 710 | 2 | |a Ekonomická univerzita v Bratislave. Národohospodárska fakulta | |